Glossary for conveyor terms and definitions. (Record no. 73772)
[ view plain ]
| 000 -LEADER | |
|---|---|
| fixed length control field | 00306nam a2200121Ia 4500 |
| 245 #0 - TITLE STATEMENT | |
| Title | Glossary for conveyor terms and definitions. |
| 260 ## - PUBLICATION, DISTRIBUTION, ETC. (IMPRINT) | |
| Year of publication | 1967 |
| 500 ## - GENERAL NOTE | |
| General note | Standard number: IS 4240 |
| 650 ## - SUBJECT ADDED ENTRY--TOPICAL TERM | |
| Topical Term | Conveyor terms |
| 650 ## - SUBJECT ADDED ENTRY--TOPICAL TERM | |
| Topical Term | Glossary |
| 942 ## - ADDED ENTRY ELEMENTS (KOHA) | |
| Koha item type | Standards |
| Withdrawn status | Lost status | Damaged status | Not for loan | Collection code | Home library | Current library | Date acquired | Koha item type |
|---|---|---|---|---|---|---|---|---|
| Standards | Indian standards | RRII Library | RRII Library | 31/12/2021 | Standards |